000 00480nam a2200181Ia 4500
008 100917s9999 xx 000 0 und d
082 _b623
100 _aफाटक गणेश कृष्णशास्त्री
245 _aमाझी जमीन
260 _b---
_c1930
300 _a88
365 _b1
520 _aनाटक
630 _aमाझी जमीन
650 _aनाटक
730 _aमाझी जमीन
942 _cBOOK
999 _c606017
_d606014